000 01336nam a2200373Ia 4500
001 dia_6213
003 CHAP
005 20230327093934.0
008 220117s2014 xx 000 0 und d
010 _a172217
020 _a978-607-402-745-7
040 _cCHAP
082 _a338.1972 S44 2014
245 _aSeguridad y soberanía alimentaria en México : análisis y propuestas de política /
_c compilación Rita Schwentesius Rindermann y Alma Velia Ayala Garay
260 _aMéxico :
_b Plaza y Valdés,
_c2014
300 _a169 p.
503 _aD.
504 _aIncluye bibliografías
590 _aHD9014.M62 S44 2014
650 _aFood policy
_xMexico
_9151304
650 _aFood production
_xMexico
_9151305
650 _aFood security
_xMexico
_9151306
650 _aFood sovereignty
_xMexico
_9151307
650 _aPolítica de los alimentos
_xMéxico
_9151308
650 _aProducción de alimentos
_xMéxico
_9151309
650 _aSeguridad de los alimentos
_xMéxico
_9151310
650 _aSoberanía alimentaria
_xMéxico
_9151311
700 _aAyala Garay, Alma Velia ,comp.
_9151312
700 _aSchwentesius Rindermann, Rita ,comp.
_9151313
901 _a338.1972 S44 2014
902 _aA
905 _a5232272014 mx mn 8225223322spa16
942 _cLIBRO
_2ddc
999 _c172217
_d172217